Europa nach Buchstabe - C - Statistiken

Allgemein
  • Dieses Quiz wurde 70 mal gespielt
  • Das Durchschnittsergebnis liegt bei 14 aus 20
Antwortstatistiken
Hinweis Antwort % Korrekt
Wie hieß der römische Feldherr, der Gallien eroberte? Cäsar
98%
Wie heißt die kleinste Einheit des Euros? Cent
98%
Wie nennt man die größte Weltreligion in Europa? Christentum
97%
Wie heißt der Messwert, mit dem in Europa Temperaturen angegeben werden? Celsius
95%
Marie … erhielt zwei Nobelpreise für Chemie und Physik. Curie
95%
Wie heißt der traditionelle Baum zur Weihnachtszeit? Christbaum
93%
Wie heißt das klassische Streichinstrument mit vier Saiten aus der europäischen Musiktradition? Cello
91%
Wie nennt man die symbolische Figur, die in Mitteleuropa Geschenke bringt? (Tipp: Verbindung zu einer Religion) Christkind
91%
Wie heißt das chemische Element mit dem Symbol Cr? Chrom
79%
Wie heißt die Hauptstadt der Republik Moldau? Chisinau
76%
Wie heißt die bekannte Universitätsstadt in England? Cambridge
72%
Wie heißt die Hauptstadt von Wales? Cardiff
71%
Wie nennt man die französische Mittelmeerküste zwischen Italien und Marseille? Cote d‘Azur
62%
Wie heißt die europäische Organisation für Teilchenphysik bei Genf? (4 Buchstaben) CERN
60%
Wie heißt die irische Stadt im Süden des Landes? Cork
53%
Wie heißt die bekannteste spanische Küstenregion an der Mittelmeerküste? Costa Brava
52%
Wie heißt die englische Stadt mit der berühmten Kathedrale und dem Erzbischofssitz? Canterbury
41%
Wie heißt die berühmte Oper von Georges Bizet? Carmen
41%
Wie lautet der Nachname des berühmten römischen Redners Marcus Tullius … Cicero
21%
Wie heißt die portugiesische Universitätsstadt am Mondego? Coimbra
16%
Keine übereinstimmenden Quizze gefunden
Verteilung der Resultate
Anzahl Personen mit jedem Resultat
Perzentil nach korrekt beantworteten Fragen
Ihre Resultats-Entwicklung
Sie haben dieses Quiz noch nicht gespielt